1636 1027 1333 1774 1037 1733 1578 1511 1981 1998 1570 1369 1438 1722 1410 1729 1827 1869 1049 1895 1244 1181 1734 1212 1707 1664 1359 1655 1973 1223 1276 1430 1708 1262 1942 1844 1784 1007 1718 1231 1429 1702 1929 1586 1734 1284 1761 1112 1013 1226 1532 1140 1095 1834 1367 1238 1961 1585 1297 1792 1980 1041 1791 1209 1529 1759 1505 1377 1046 1414 1275 1210 1592 1125 1966 1922 1994 1686 1117 1587 1331 1708 1244 1437 1296 1704 1502 1808 1709 1985 1851 1619 1870 1627 1200 1634 1560 1368 1427 BCNSPRNW ULIB Ver.6.0+V

เปลี่ยนเป็นภาษาไทย

Change to English
 แสดงรายละเอียดบรรณานุกรม
  กลับหน้าหลัก

Brief Record : Get Marc (ISO 2709) : E-mail record : QR code < ปิดหน้าต่าง
LEADER : 00000nam 2200000uu 4500
001    13399111800
003     ULIB
008    110708s2544||||th 000 0 tha d
020    9748212807
050 04 DS571^bส239ร ล.2 2544
100 0  สมบัติ พลายน้อย
245 10 รู้ร้อยแปด เล่ม 2/^cส.พลายน้อย [นามแฝง]
250    พิมพ์ครั้งที่ 2
260    กรุงเทพฯ :^bสารคดี,^c2544
300     2 เล่ม :^bภาพประกอบ
650  7 ความรู้ทั่วไป
650  7 วันสำคัญ^xประวัติ
650  7 ไทย^xรวมเรื่อง
651  7 ไทย^xความเป็นอยู่และประเพณี
945    ^p95^l0^i015979
995    ทศพร
999 ^a ใช้งานได้ทุกระบบ
รายการนี้ยังไม่มีแท็ก
คุณยังไม่ได้ล็อกอิน คุณสามารถมีกิจกรรมร่วมกับเว็บไซต์ได้ แต่ต้องล็อกอินก่อน ::
  ล็อกอิน

รายการสื่อสารสนเทศ

ลำดับที่ ประเภท เลขเรียก/บาร์โค้ด สถานที่ สถานะ
- ไม่พบข้อมูล -

รายการใกล้เคียง
    ผู้แต่ง [สมบัติ พลายน้อย]

    หัวเรื่อง [ความรู้ทั่วไป]

BibComment


ยังไม่เคยถูกคอมเมนท์

คอมเมนท์ทรัพยากรรายการนี้
  คอมเมนท์: รู้ร้อยแปด เล่ม 2..


 Copyright 2026. Bcnsprnw @Library